Markets (Record no. 82444)

MARC details
000 -LEADER
fixed length control field 01132cam a22002055a 4500
001 - CONTROL NUMBER
control field L150295
008 - FIXED-LENGTH DATA ELEMENTS--GENERAL INFORMATION
fixed length control field 100623e2010 xxk 000 0 eng d
035 ## - SYSTEM CONTROL NUMBER
System control number (Sirsi) u150295
041 0# - LANGUAGE CODE
Language code of text/sound track or separate title eng
100 1# - MAIN ENTRY--PERSONAL NAME
Personal name Hatcher, David
245 00 - TITLE STATEMENT
Title Markets
Remainder of title South Wales
260 ## - PUBLICATION, DISTRIBUTION, ETC.
Date of publication, distribution, etc. 2010
490 #0 - SERIES STATEMENT
Series statement Property Week
Volume/sequential designation 76(24)18 June 2010, 57-62(5)
520 ## - SUMMARY, ETC.
Summary, etc. Welsh Assembly's £500m annual spend on its £12bn property portfolio comes under scrutiny and the 14m sq ft occupied by the Welsh NHS likely to be reduced. Chester Properties boosts footfall at its Ebbw Vale outlet centre with a dry toboggan slide and adventure playground. Rush develops a new Maldron hotel in Cardiff. RO Developments provides Dragon 24 small office and hybrid units in Llanelli, Swansea and Pensarn. Volume housebuilder, St Modwen, has regained its appetite for purchasing sites in Wales. Carmathen's St Catherine?s Walk, the only shopping centre to have opened in the UK in 2010, is 80% let.
590 ## - LOCAL NOTE (RLIN)
Local note KA
651 #4 - SUBJECT ADDED ENTRY--GEOGRAPHIC NAME
Geographic name Wales
Chronological subdivision 2007-
690 ## - LOCAL SUBJECT ADDED ENTRY--TOPICAL TERM (OCLC, RLIN)
Topical term or geographic name as entry element PROPERTY-COMMERCIAL PROPERTY-COMMERCIAL PROPERTY MARKET
700 1# - ADDED ENTRY--PERSONAL NAME
Personal name Hayward, Richard
942 ## - ADDED ENTRY ELEMENTS (KOHA)
Suppress in OPAC 0
Holdings
Withdrawn status Lost status Source of classification or shelving scheme Damaged status Not for loan Home library Current library Shelving location Date acquired Total Checkouts Full call number Barcode Date last seen Copy number Price effective from Koha item type
    Dewey Decimal Classification     London London Journal article 23/06/2010   L150295 150295-1001 06/08/2019 1 06/08/2019 Journal article